Skoki Narciarskie - Najlepsi Estończycy w PŚ w XXI wieku - Statystyki

Ogólne statystyki
  • Ten quiz został rozwiązany 75 razy
  • Średni wynik to 11 z 25
Statystyki odpowiedzi
Sezon Skoczek % Poprawnych
2018/19 Artti Aigro
100%
2019/20 Artti Aigro
100%
2020/21 Artti Aigro
100%
2021/22 Artti Aigro
100%
2022/23 Artti Aigro
100%
2023/24 Artti Aigro
100%
2024/25 Artti Aigro
100%
2011/12 Kaarel Nurmsalu
52%
2012/13 Kaarel Nurmsalu
52%
2013/14 Kaarel Nurmsalu
52%
2016/17 Kaarel Nurmsalu
52%
2015/16 Martti Nomme
34%
2017/18 Martti Nomme
34%
2003/04 Jens Salumae
18%
2005/06 Jens Salumae
18%
2006/07 Jens Salumae
18%
2007/08 Jens Salumae
18%
2000/01 Jaan Juris
16%
2001/02 Jaan Juris
16%
2002/03 Jaan Juris
16%
2004/05 Jaan Juris
16%
2014/15 Siim-Tanel Sammelselg
7%
2008/09 Illimar Parn
3%
2009/10 Illimar Parn
3%
2010/11 Illimar Parn
3%
Nie znaleziono quizów pasujących do podanych kryteriów
Rozkład punktacji
Procent ludzi z każdym wynikiem
Percentyl według liczby udzielonych odpowiedzi
Twoja historia wyników
Nie rozwiązałeś tego quizu